Pays avec le plus de morts sur les routes - Statistiques

Statistiques générales
  • Ce quiz a été pris 14 fois
  • Le résultat moyen est 2 sur 7
Statistiques - réponses
Hint Réponse % Correct
32,7/100k Thailande
79%
51,0/100k Centrafrique
36%
52,0/100k Tchad
36%
54,0/100k Guinée
21%
61,0/100k Libéria
21%
55,0/100k Malawi
21%
65,0/100k Zimbabwe
14%
Aucun quiz correspondant
Distribution des résultats
% des personnes avec chaque résultat
Percentile par nombre de réponses
Votre historique - résultats
Vous n’avez pas pris ce quiz